000 01310na a2200361 4500
001 19285
003 MIRAKIL
005 20181213154947.0
008 161213b tu 000 0
035 _a19285
040 _aMilas
_btur
_cTR-AnCHP
041 _atur
082 _aCHP 324.2372092
_bB29c 2010
090 _aBROŞÜR 23
100 _aBaykal, Deniz
222 _aCHP Genel Başkanı Deniz Baykal'ın konuşmaları
245 _aCHP Genel Başkanı Deniz Baykal'ın '' Ulusal Egemenlik ve Çocuk Bayramı '' konuşması
_b(23 Nisan 2010 TBMM Genel Kurulu)
_cDeniz Baykal
246 _aCHP Genel Başkanı Deniz Baykal'ın 23 Nisan konuşması
246 _a(23 Nisan 2010 TBMM Genel Kurulu)
260 _aAnkara
_bCHP
_c2010
300 _a14 s.
_c19 sm.
490 _aCumhuriyet Halk Partisi yayınları
500 _a25 kopya.
600 _aBaykal, Deniz
_cCHP Genel Başkanı
_xKonuşmalar, 2010
_yUlusal Egemenlik ve Çocuk Bayramı
610 _aCHP
_xSöylev ve demeçler
_y Ulusal Egemenlik ve Çocuk Bayramı
_yBaykal dönemi
650 _aCHP Genel başkanları
_xKonuşmalar, 2010
_yUlusal Egemenlik ve Çocuk Bayramı
657 _aDeniz Baykalın konuşmaları
710 _aCHP
711 _a
830 _aCHP yayınları
942 _2dcc
_cBKS
999 _c3923
_d3923